Missing Word: Hosts Quiz Stats

 Plays Quiz Updated Sep 29, 2017

Score 0/27 Timer 02:00
0 Plays Today
Hint Missing Word % Correct
_______ DeGeneresEllen
99.1%
________ LenoJay
96.2%
Oprah ________Winfrey
95.6%
Tyra ________Banks
94.1%
Conan ________O'Brien
88.3%
_______ LettermanDavid
87.7%
________ FallonJimmy
87.6%
________ SpringerJerry
86.8%
________ TrebekAlex
84.6%
Groucho ________Marx
84.3%
Rosie ________O'Donnell
75.4%
________ BarkerBob
75%
________ ColbertStephen
74.9%
________ PhilbinRegis
74.8%
Hint Missing Word % Correct
________ SajakPat
71.9%
________ StewartJon
70.7%
Johnny ________Carson
68.5%
________ DonahuePhil
66.1%
________ GriffinMerv
44.5%
________ FergusonCraig
44.5%
Meredith ________ Vieira
42.5%
________ DawsonRichard
40.9%
________ KingLarry
37.8%
________ CooperAnderson
30.2%
Dr. Phil ________McGraw
28.8%
________ RayburnGene
27.7%
Bill ________O'Reilly
13%

Today's Daily Dose

Word Ladder
Soccer Snafu

Get the Picture
Explorers by Country

You're not logged in!

Compare scores with friends on all Sporcle quizzes.
OR
Log In

Show Comments

Extras

Top Quizzes Today


Score Distribution

Your Account Isn't Verified!

In order to create a playlist on Sporcle, you need to verify the email address you used during registration. Go to your Sporcle Settings to finish the process.

Report this User

Report this user for behavior that violates our Community Guidelines.

Details: